| 000 | 00707cam a22002291 4500 | ||
|---|---|---|---|
| 001 | sa 68012362 | ||
| 003 | DLC | ||
| 005 | 20260227112609.0 | ||
| 008 | 711115s1967 ii 00010 eng | ||
| 010 | _asa 68012362 //r84 | ||
| 025 | _aPL480:I-E-11034 | ||
| 043 | _aa-ii--- | ||
| 050 | 0 |
_aPN2885.M3 _bN3 |
|
| 082 | _a792/.0954/792 | ||
| 100 | 1 | 0 |
_aNadkarni, Jnaneshvar Ganpat, _d1928- |
| 245 | 1 | 0 |
_aNew directions in the Marathi theatre _c[by] Dnyaneshwar Nadkarni. |
| 260 | 0 |
_a[New Delhi, _bChief Information Officer, Maharashtra Information Centre, _c1967] |
|
| 300 |
_a53 p. _c21 cm. |
||
| 350 | _a1.00 | ||
| 650 | 0 |
_aTheater _zIndia _zMaharashtra. |
|
| 650 | 0 |
_aMarathi drama _xHistory and criticism. |
|
| 999 |
_c84484 _d84484 |
||